Ciencias de los materiales

Bibliographic Details
Main Author: Anderson, J.C
Format: Section = Libro
Language:Undetermined
Spanish
Published: México Limusa 2000
Edition:2a.ed.
Subjects:
LEADER 00611nam a2200229Ia 4500
008 240829s9999 xx 000 0 und d
020 |a 968-18-4717-2 
040 |a BIBLIOTECA-RUPAP 620.112 A547 
041 |a spa 
082 |a 620.112 A547 
100 1 |a Anderson, J.C 
245 1 0 |a Ciencias de los materiales 
250 |a 2a.ed. 
260 |a México  |b Limusa  |c 2000 
300 |a 702 p. :il. 
650 7 |a MATERIALES DE INGENIERIA 
650 7 |b  CIENCIA - MATERIALES 
650 7 |c  MATERIALES POLIMEROS 
650 7 |d  PLASTICOS MATERIALES MAGNETICOS. I. Tít. 
942 |c BK  |2 ddc 
991 |a TEXTO 
999 |c 8825